000 00416nam a2200157 i 4500
001 25158
003 ES-MaACL
005 20230906153213.0
007 t|
008 021220s1963 sp ||||1| spa d
100 1 _aArce, Carlos de.
_922446
245 1 0 _aTribunal de la muerte /
_cCarlos de Arce.
260 _aBarcelona :
_bBruguera,
_c[1963]
300 _a367 p. ;
_c22 cm.
852 _aES-MaACL
_jC-24082
_bR.52805
999 _c25158
_d25158